| 000 | 00380cam a2200157ua 4500 | ||
|---|---|---|---|
| 041 |
_aeng _h |
||
| 082 |
_a693.21 _bBRA/BR |
||
| 100 | _aBraley, E L . | ||
| 245 |
_aBrick work / _cE L Braley. _hTextual Documents |
||
| 250 |
_a1 / _b. |
||
| 260 |
_a London : _bEnglish Universities press Ltd , _c1962. |
||
| 300 | _a192 ; . | ||
| 504 | _a | ||
| 942 | _cBK | ||
| 999 |
_c3294 _d3294 |
||